Score 0/14 Timer 01:30
0 Plays Today
Clue 4-Letter Answer % Correct
2003 movie: ''Kill ____: Vol. 1''BILL
98.4%
Breathing organ of a fishGILL
96.8%
It holds up trousersBELT
96.6%
1943 movie: ''For Whom the ____ Tolls''BELL
96.3%
1944 movie: ''Since You ____ Away''WENT
92.4%
Place where the devil is believed to liveHELL
91.6%
Curved; crookedBENT
90.1%
Clue 4-Letter Answer % Correct
In good healthWELL
88.8%
Wish for or desire somethingWANT
88.6%
Raised mark left after a beatingWELT
88.5%
Smallest American coin (denomination)CENT
87.7%
★ 1956 movie: ''THE [rung 1] ____ [rung 14] IT'' ★
Is unable to
●CANT●
81.5%
★ 1956 movie: ''THE [rung 1] [rung 8] ____ IT'' ★
Aid or assist
●HELP●
77%
★ 1956 movie: ''THE ____ [rung 8] [rung 14] IT'' ★
Young lady
●GIRL●
76.2%

Today's Daily Dose

Remove Ads.
Support Sporcle.
Get the best of Sporcle when you Go Orange. This ad-free experience offers more features, more stats, and more fun while also helping to support Sporcle. Thank you for becoming a member.

You're not logged in!

Compare scores with friends on all Sporcle quizzes.
OR
Log In

Show Comments

Extras

Top Quizzes Today


Score Distribution

Your Account Isn't Verified!

In order to create a playlist on Sporcle, you need to verify the email address you used during registration. Go to your Sporcle Settings to finish the process.

Report this User

Report this user for behavior that violates our Community Guidelines.

Details: